| 000 | 01095nam a2200277Ia 4500 | ||
|---|---|---|---|
| 003 | OSt | ||
| 005 | 20220923211426.0 | ||
| 006 | a|||||r|||| 00| 0 | ||
| 007 | ta | ||
| 008 | 220922b |||||||| |||| 00| 0 san d | ||
| 020 |
_a9788193857939 (hbk) _c550 |
||
| 024 | _a348,749 | ||
| 037 |
_b236, 16/01/2019, Eastern Book Linkers _cTextual |
||
| 040 |
_aARTS _cARTS _bsan |
||
| 041 |
_2san _asan |
||
| 082 | _aO15,1A1:g(Y15), 152Q8 | ||
| 100 |
_aसुषमा देवी, ले. _9156363 |
||
| 245 | 0 | _aरामायण के नाटकों में स्त्री - विमर्श | |
| 246 | _aRāmāyaṇ ke nāṭakoan mean strī - vimarsha | ||
| 260 |
_aदिल्ली _b ईस्टर्न बुक लिंकर्स _c2018 |
||
| 300 |
_a140पृ0 _ccm. |
||
| 650 | _a संस्कृत साहित्य | ||
| 650 |
_aसंस्कृत कविता _9156350 |
||
| 942 |
_hO15,1A1:g(Y15), 152Q8 _cTEXL _2CC |
||
| 999 |
_c299314 _d299314 |
||